Lady and the Tramp - Characters by Picture - Statistics

General Stats
  • This quiz has been taken 42 times
  • The average score is 14 of 44
Answer Stats
Picture Answer % Correct
Lady
96%
Tramp
96%
Trusty
83%
Jock
78%
Aunt Sarah
65%
Darling
65%
Jim Dear
61%
Tony
52%
Si / Am
48%
Lady
43%
Scamp
43%
Tramp
43%
Jock
39%
Peg
39%
Trusty
39%
Jim Dear
35%
Joe
35%
Angel
30%
Boris
30%
Bull
30%
Peg
30%
Al
26%
Aunt Sarah
26%
Buster
26%
Darling
26%
Mr. Busy
26%
Tony
26%
Bull
17%
Joe
17%
Junior
13%
Mooch
13%
Toughy
13%
Annette
9%
Collette
9%
Danielle
9%
Elliot
9%
Otis
9%
Reggie
9%
Ruby
9%
Sparky
9%
Devon / Rex
4%
Francois
4%
Isaac
4%
Scratchy
4%
No matching quizzes found
Score Distribution
Percent of People with Each Score
Percentile by Number Answered
Your Score History
You have not taken this quiz